000 00532nam a2200181Ia 4500
003 GCL
008 140319s9999 xx 000 0 ara d
040 _aGCL /
_cGCL
082 0 4 _a646.04
_bع م
100 1 _aعلية عابدين
245 1 0 _aموسوعة فن التفصيل /
_cعلية عابدين
260 _aالقاهرة :
_bدار الفكر العربى ،
_c1995
300 _a599 ص ؛
_c30 سم
490 _a
650 0 4 _aتفصيل الملابس
650 0 4 _aتصميم الازياء
942 _2ddc
_cBK
999 _c40922
_d40922